[Event "14th Avicenna Open 2017"]
[Site "Hamedan IRI"]
[Date "2017.08.22"]
[Round "2.12"]
[White "Daghli,Arash"]
[Black "Shirov,A"]
[Result "1/2-1/2"]
[WhiteElo "2261"]
[BlackElo "2648"]

1.e4 c5 2.c3 e6 3.d4 d5 4.exd5 exd5 5.Be3 cxd4 6.Bxd4 Nc6 7.Bb5 Nf6 8.Bxf6 gxf6
9.Nf3 Qe7+ 10.Qe2 Rg8 11.Qxe7+ Bxe7 12.g3 a6 13.Be2 Bh3 14.Nbd2 O-O-O 15.Nb3 Ne5
16.Nfd4 f5 17.O-O-O f4 18.Rhe1 Bg5 19.Kb1 Ng4 20.Bxg4+ Bxg4 21.f3 Bh5 22.g4 Bg6+
23.Kc1 h5 24.gxh5 Bxh5 25.Re5 f6 26.Re7 Bh4 27.Nc5 Bf2 28.Kc2 Bxf3 29.Rf1 Be4+
30.Rxe4 dxe4 31.Rxf2 Rde8 32.Rxf4 Rg2+ 33.Kb3 e3 34.Nce6 Rxh2 35.Re4 Rh5
36.Rxe3 Re5 37.Rxe5 fxe5 38.Ng7 Rd8 39.Nc2 Rd2 40.Ne3 Kd7 41.a4 Re2 42.Ngf5 Ke6
43.a5 Rf2 44.Ng7+ Kf7 45.Ngf5 Ke6 46.Ng7+ Kf7 47.Ngf5  1/2-1/2

[Event "14th Avicenna Open 2017"]
[Site "Hamedan IRI"]
[Date "2017.08.23"]
[Round "4.6"]
[White "Bolourchifard,F"]
[Black "Shirov,A"]
[Result "0-1"]
[WhiteElo "2314"]
[BlackElo "2648"]

1.e4 e5 2.Nf3 Nc6 3.Bb5 a6 4.Ba4 Nf6 5.O-O b5 6.Bb3 Bc5 7.a4 Rb8 8.axb5 axb5
9.c3 d6 10.d4 Bb6 11.h3 Bb7 12.Re1 O-O 13.d5 Ne7 14.Be3 Bxe3 15.Rxe3 Nd7
16.Na3 Nc5 17.Nxb5 f5 18.Nxe5 fxe4 19.Nc6 Bxc6 20.dxc6+ d5 21.Nd4 Qd6 22.Ba2 Rxb2
23.Re2 Rxe2 24.Qxe2 Ng6 25.Qg4 Ne5 26.Nf5 Qf6 27.Bxd5+ Kh8 28.Qxg7+ Qxg7
29.Nxg7 Kxg7 30.Ra7 Rc8 31.Kf1 Ned3 32.g3 Kf6 33.Ke2 Ke5 34.Bc4 Kd6 35.Ke3 Rf8
36.Kd4  0-1

[Event "14th Avicenna Open 2017"]
[Site "Hamedan IRI"]
[Date "2017.08.24"]
[Round "5.3"]
[White "Toufighi,H"]
[Black "Shirov,A"]
[Result "1/2-1/2"]
[WhiteElo "2420"]
[BlackElo "2648"]

1.Nf3 d5 2.g3 g6 3.Bg2 Bg7 4.d4 Nf6 5.c4 c6 6.cxd5 cxd5 7.O-O O-O 8.Nc3 Ne4
9.Qb3 Nc6 10.Rd1 Na5 11.Qb4 Nxc3 12.Qxc3 Bf5 13.Bd2 Nc4 14.b3 Nxd2 15.Qxd2 Qd6
16.Rac1 Rfc8 17.e3 b6 18.Ne1 a5 19.Rxc8+ Rxc8 20.Rc1 Rxc1 21.Qxc1 g5 22.Bf1 h6
23.Bd3 Bd7 24.Qc2 Bf6 25.Kf1 Kg7 26.Bf5 e6 27.Bd3 e5 28.dxe5 Bh3+ 29.Kg1 Qxe5
30.Nf3 Qa1+ 31.Qb1 Qc3 32.Qc2 Qb4 33.Bf1 Bg4 34.Kg2 Bd7 35.Bd3 g4 36.Ng1 d4
37.Qc7 Bb5 38.Bxb5 Qxb5 39.exd4 Qd5+ 40.Kf1 Bxd4 41.Qf4 h5 42.h3 gxh3 43.Nxh3 Bf6
44.Kg1 b5 45.Qe3 h4  1/2-1/2

[Event "14th Avicenna Open 2017"]
[Site "Hamedan IRI"]
[Date "2017.08.27"]
[Round "8.2"]
[White "Shirov,A"]
[Black "Golizadeh,A"]
[Result "1/2-1/2"]
[WhiteElo "2648"]
[BlackElo "2450"]

1.e4 c5 2.Nf3 g6 3.c3 Bg7 4.d4 cxd4 5.cxd4 d5 6.e5 Nh6 7.Bb5+ Bd7 8.Qb3 Bxb5
9.Qxb5+ Qd7 10.Nc3 e6 11.h4 Nf5 12.g4 Ne7 13.h5 h6 14.hxg6 fxg6 15.Be3 Nbc6
16.Nd2 h5 17.Nb3 b6 18.gxh5 gxh5 19.Kd2 Nf5 20.Rag1 h4 21.Rg4 Nce7 22.Rhg1 Qxb5
23.Nxb5 Kd7 24.Rxg7 Nxg7 25.Rxg7 Rag8 26.Rxg8 Rxg8 27.Ke2 h3 28.Bf4 Rg1 29.Nd2 Rg4
30.Bh2 a6 31.Nd6 Nc6 32.Nf3 Nxd4+ 33.Nxd4 Rxd4 34.f4 Ra4 35.a3 b5 36.Kf3 b4
37.f5 bxa3 38.bxa3 exf5 39.Nxf5 Rxa3+ 40.Kg4 a5 41.Ng7 Re3 42.e6+ Rxe6 43.Nxe6 Kxe6
44.Kxh3 a4 45.Bf4 Kf5 46.Kg3 Ke4 47.Bc1 Kd3 48.Kf4 Kc2 49.Be3 Kd3 50.Bg1  1/2-1/2

[Event "14th Avicenna Open 2017"]
[Site "Hamedan IRI"]
[Date "2017.08.28"]
[Round "9.3"]
[White "Pacher,M"]
[Black "Shirov,A"]
[Result "1/2-1/2"]
[WhiteElo "2438"]
[BlackElo "2648"]

1.d4 d5 2.c4 c6 3.Nf3 Nf6 4.Nc3 e6 5.Bg5 dxc4 6.e4 b5 7.e5 h6 8.Bh4 g5 9.Nxg5 hxg5
10.Bxg5 Nbd7 11.g3 Bb7 12.Bg2 Qb6 13.exf6 O-O-O 14.O-O c5 15.d5 b4 16.Rb1 Qa6
17.dxe6 Bxg2 18.e7 Bxf1 19.Qd5 Re8 20.Ne4 Bh6 21.Nd6+ Kc7 22.Nxe8+ Rxe8 23.Bxh6 Qc6
24.Qxc6+ Kxc6 25.Kxf1 Nxf6 26.Re1 Nd5 27.h4 a5 28.h5 Nxe7 29.Bg7 Kd7 30.h6 Ra8
31.Rxe7+ Kxe7 32.Ke2 a4 33.Kd2 a3 34.Kc1 b3 35.bxa3 bxa2 36.Kb2 Rb8+ 37.Kxa2 c3
38.Bxc3 f6 39.g4 Rg8 40.f3 Kf7 41.Kb3 Kg6 42.a4 Kxh6 43.Bxf6 Rb8+ 44.Kc3 Rb4
45.a5 Rf4 46.g5+ Kg6 47.a6 Ra4 48.Be7  1/2-1/2

[Event "TCh-ROU Superliga 2017"]
[Site "Baile Govora ROU"]
[Date "2017.11.11"]
[Round "1.1"]
[White "Shirov,A"]
[Black "Miroiu,G"]
[Result "0-1"]
[WhiteElo "2640"]
[BlackElo "2352"]

1.e4 c6 2.d4 d5 3.e5 Bf5 4.Nf3 e6 5.Be2 Ne7 6.O-O h6 7.b3 Nd7 8.c4 Nc8 9.Bd3 Bxd3
10.Qxd3 Be7 11.Nc3 O-O 12.Ne2 Re8 13.g4 Nf8 14.h4 Nb6 15.c5 Nbd7 16.Be3 f6
17.exf6 Bxf6 18.g5 e5 19.Qf5 g6 20.Qh3 hxg5 21.hxg5 Bg7 22.Nxe5 Nxe5 23.dxe5 Rxe5
24.Rae1 Qd7 25.Qxd7 Nxd7 26.Kg2 Rae8 27.Rh1 Nxc5 28.Ng3 d4 29.Bd2 Rxe1 30.Bxe1 Ne4
31.Nxe4 Rxe4 32.Kf3 Re5 33.Bd2 c5 34.Rc1 Bf8 35.b4 b6 36.bxc5 bxc5 37.Rc4 Re6
38.Bc1 Kf7 39.Ra4 a6 40.Ba3 d3 41.Bc1 Bg7 42.Rf4+ Ke7 43.Be3 Kd6 44.Rc4 Bd4
45.Bxd4 Kd5 46.Rxc5+ Kxd4  0-1

[Event "TCh-ROU Superliga 2017"]
[Site "Baile Govora ROU"]
[Date "2017.11.15"]
[Round "5.3"]
[White "Vedmediuc,S"]
[Black "Shirov,A"]
[Result "1-0"]
[WhiteElo "2460"]
[BlackElo "2640"]

1.e4 e5 2.Nf3 Nc6 3.Bb5 a6 4.Ba4 Nf6 5.O-O b5 6.Bb3 Bc5 7.a4 Rb8 8.c3 d6
9.d4 Bb6 10.Na3 O-O 11.axb5 axb5 12.Nxb5 Bg4 13.d5 Ne7 14.Bc2 Qd7 15.c4 Ng6
16.h3 Bxh3 17.gxh3 Qxh3 18.Ng5 Qg3+ 19.Kh1 Qh4+ 20.Kg2 Nf4+ 21.Bxf4 exf4
22.Nf3 Qg4+ 23.Kh1 Rfe8 24.Ra3 Nxe4 25.Bxe4 Rxe4 26.Rc3 f5 27.b4 Qh5+ 28.Kg2 g5
29.Rh1 Qg4+ 30.Kf1 Rbe8 31.c5 dxc5 32.bxc5 Ba5 33.Rd3 Re1+ 34.Nxe1 Rxe1+
35.Qxe1 Bxe1 36.Kxe1 Qg2 37.Rf1 Qe4+ 38.Kd2 Qb4+ 39.Nc3 Qxc5 40.d6 cxd6 41.Rd5 Qb6
42.Rxf5 h6 43.Rb5 Qd4+ 44.Kc2 Kf7 45.f3 Ke6 46.Re1+ Kf7 47.Re2 Kg6 48.Rd5 Qg1
49.Rxd6+ Kh5 50.Ne4 Qh1 51.Rf2 Qh3 52.Kd2 Qh1 53.Ke2 Qh3 54.Nf6+ Kh4 55.Ng4  1-0

[Event "TCh-ROU Superliga 2017"]
[Site "Baile Govora ROU"]
[Date "2017.11.17"]
[Round "7.4"]
[White "Shirov,A"]
[Black "Baklan,V"]
[Result "1/2-1/2"]
[WhiteElo "2640"]
[BlackElo "2604"]

1.e4 e6 2.d4 d5 3.e5 c5 4.c3 Nc6 5.Nf3 Bd7 6.Be2 Nge7 7.O-O Nf5 8.dxc5 Bxc5
9.Bd3 Nh4 10.Nbd2 Ng6 11.Nb3 Bb6 12.Re1 O-O 13.Nbd4 h6 14.Bxg6 fxg6 15.Be3 g5
16.h3 Bxd4 17.Bxd4 b6 18.Qd3 Be8 19.b4 Qd7 20.a4 Bh5 21.b5 Na5 22.Nd2 Rac8
23.Rab1 Qf7 24.Rb4 Bg6 25.Qe2 Qf5 26.Nb3 Nc4 27.Nd2 Na5 28.Nb3 Nc4 29.Nd2  1/2-1/2

[Event "TCh-CZE Extraliga 2017-18"]
[Site "Czech Republic CZE"]
[Date "2017.12.02"]
[Round "3.2"]
[White "Shirov,A"]
[Black "Kociscak,J"]
[Result "1-0"]
[WhiteElo "2640"]
[BlackElo "2473"]

1.d4 Nf6 2.c4 c5 3.d5 b5 4.cxb5 a6 5.bxa6 g6 6.Nc3 Bxa6 7.e4 Bxf1 8.Kxf1 d6
9.g3 Bg7 10.Kg2 O-O 11.f4 Na6 12.Nf3 Nc7 13.Re1 Ra6 14.Qd2 Qa8 15.b3 Rb8
16.Bb2 Rb4 17.Re2 e6 18.Rae1 h6 19.dxe6 Nxe6 20.Nd5 Nxd5 21.exd5 Rxa2 22.dxe6 Rxb2
23.exf7+ Kxf7 24.Qxd6 R4xb3 25.Kh3 Rxe2 26.Rxe2 Qc8+ 27.Kg2 Rb2 28.Qd5+ Kf8
29.Rxb2 Bxb2 30.Nh4 Bf6 31.Nxg6+ Kg7 32.f5 c4 33.Nf4 c3 34.Nh5+ Kh8 35.Nxf6  1-0

[Event "TCh-CZE Extraliga 2017-18"]
[Site "Czech Republic CZE"]
[Date "2017.12.03"]
[Round "4.2"]
[White "Kanovsky,D"]
[Black "Shirov,A"]
[Result "1/2-1/2"]
[WhiteElo "2405"]
[BlackElo "2640"]

1.e4 e5 2.Nf3 Nc6 3.Bc4 Bc5 4.c3 Nf6 5.d3 O-O 6.O-O d5 7.exd5 Nxd5 8.a4 a5
9.Nbd2 Nb6 10.Bb5 Bd6 11.Ne4 Bg4 12.Re1 Na7 13.h3 Bh5 14.d4 Nxb5 15.axb5 exd4
16.g4 Bg6 17.Nxd6 Qxd6 18.Qxd4 Qxd4 19.Nxd4 a4 20.Bf4 Rfc8 21.Bg3 c5 22.bxc6 bxc6
23.Re7 Nc4 24.Rb7 c5 25.Nf5 Bxf5 26.gxf5 a3 27.bxa3 Rxa3 28.Rd1 Rxc3 29.Rdd7 Rf8
30.Rbc7 h5 31.Rxc5 Nb6 32.Rxc3 Nxd7 33.Kg2 Ra8 34.Rc7 Nf6 35.Bh4 Nd5 36.Rc4 f6
37.Bg3 Ra5 38.Bd6 Ra6 39.Rc8+ Kh7 40.Rd8 Ra2 41.Bc5 Nc3 42.Rd4 Ra5 43.Bb4 Ne2
44.Re4 Ra4 45.Kf3 Nc1 46.Bd2 Ra3+ 47.Kg2 Nd3 48.Rh4 Kg8 49.Rxh5 Ra4 50.Be3 Ne5  1/2-1/2

[Event "Nutcracker Classical 2017"]
[Site "Moscow RUS"]
[Date "2017.12.19"]
[Round "1.1"]
[White "Shirov,A"]
[Black "Esipenko,Andrey"]
[Result "1/2-1/2"]
[WhiteElo "2631"]
[BlackElo "2564"]

1.e4 c5 2.Nf3 e6 3.d4 cxd4 4.Nxd4 Nc6 5.Nc3 a6 6.Be3 Nf6 7.f4 Bb4 8.Bd3 e5
9.fxe5 Nxe5 10.O-O d6 11.Kh1 Bxc3 12.bxc3 h6 13.Nf3 O-O 14.Nxe5 dxe5 15.Qf3 Re8
16.Bxh6 gxh6 17.Qxf6 Qxf6 18.Rxf6 Re6 19.Rf3 Rc6 20.c4 Be6 21.Rb1 b6 22.h3 Rd8
23.Be2 Rd4 24.Rfb3 Bxc4 25.Bxc4 Rdxc4 26.Rxb6 Rxc2 27.a4 Kg7 28.a5 R6c5 29.Rxa6 Ra2
30.Rb3 Raxa5 31.Rg3+ Kh7 32.Rf6 Rc7 33.Rg4 Ra4 34.Kh2 Rd4 35.Rh4 Kg7 36.Rfxh6 Rcc4
37.Rh7+ Kg8 38.Rh8+ Kg7 39.R4h7+ Kg6 40.Rh6+  1/2-1/2

[Event "Nutcracker Classical 2017"]
[Site "Moscow RUS"]
[Date "2017.12.21"]
[Round "3.1"]
[White "Artemiev,V"]
[Black "Shirov,A"]
[Result "1/2-1/2"]
[WhiteElo "2691"]
[BlackElo "2631"]

1.c4 c6 2.Nf3 d5 3.g3 g6 4.Qa4 d4 5.d3 Bg7 6.Bg2 e5 7.O-O Ne7 8.Nbd2 O-O
9.b4 Nd7 10.Rb1 b5 11.Qa5 Nb6 12.cxb5 cxb5 13.Qxb5 Ned5 14.Bb2 Nc3 15.Bxc3 dxc3
16.Ne4 f5 17.Nc5 Rb8 18.Rbc1 a6 19.Qa5 Nd5 20.Qxd8 Rxd8 21.a3 a5 22.Ng5 axb4
23.axb4 e4 24.dxe4 Nxb4 25.Nge6 Bxe6 26.Nxe6 Rdc8 27.exf5 c2 28.Nxg7 Kxg7
29.Be4 gxf5 30.Bxf5 Rc5 31.Be4 Rbc8 32.f3 Na2 33.Kf2 h5 34.Ke3 Nxc1 35.Rxc1 Kf6
36.Kd2 Rd8+ 37.Bd3 h4 38.Ke3 Rc3 39.g4 h3 40.f4 Rd6 41.g5+ Ke6 42.Kd2 Rc4
43.e3 Ra4 44.Ke2 Ra3 45.Be4 Rb6 46.Bxc2 Ke7 47.g6 Rc6 48.g7 Ra8 49.Kf3 Rg8
50.Bb3 Rxc1 51.Bxg8 Rg1 52.Bc4 Rxg7 53.Bf1 Rg1 54.Bxh3 Rh1 55.e4 Rxh2 56.Bg4 Kd6
57.e5+ Kd5 58.Kg3 Rh8 59.Bf3+ Ke6 60.Be2 Kd5 61.Bd1 Re8 62.Bb3+ Ke4 63.Kg4 Rxe5
64.fxe5 Kxe5  1/2-1/2

[Event "Nutcracker Classical 2017"]
[Site "Moscow RUS"]
[Date "2017.12.22"]
[Round "4.1"]
[White "Yuffa,D"]
[Black "Shirov,A"]
[Result "1/2-1/2"]
[WhiteElo "2522"]
[BlackElo "2631"]

1.d4 d5 2.c4 c6 3.Nc3 Nf6 4.Nf3 e6 5.Bg5 h6 6.Bh4 dxc4 7.e4 b5 8.e5 g5 9.Nxg5 hxg5
10.Bxg5 Nbd7 11.exf6 Bb7 12.g3 c5 13.d5 Qb6 14.Bg2 O-O-O 15.O-O b4 16.Rb1 Qa6
17.dxe6 Bxg2 18.e7 Bxf1 19.Kxf1 Bxe7 20.fxe7 Rdg8 21.Ne4 Rxg5 22.Nxg5 Re8
23.Nxf7 Rxe7 24.Qd6 Qxa2 25.Qc6+ Kb8 26.Qd6+ Kc8 27.Qc6+ Kb8 28.Qd6+ Kc8  1/2-1/2

[Event "6th Lorca Open 2017"]
[Site "Lorca ESP"]
[Date "2017.12.26"]
[Round "1.1"]
[White "Shirov,A"]
[Black "Hapala,L"]
[Result "1-0"]
[WhiteElo "2631"]
[BlackElo "2092"]

1.e4 c5 2.Nf3 e6 3.d4 cxd4 4.Nxd4 Nc6 5.Nc3 Qc7 6.Be3 a6 7.Qf3 Nf6 8.O-O-O Be7
9.g4 Ne5 10.Qg3 Nfxg4 11.Bd2 g5  1-0

[Event "6th Lorca Open 2017"]
[Site "Lorca ESP"]
[Date "2017.12.28"]
[Round "4.1"]
[White "Gascon Del Nogal,Jose Rafael"]
[Black "Shirov,A"]
[Result "0-1"]
[WhiteElo "2479"]
[BlackElo "2631"]

1.e4 e5 2.Nf3 Nc6 3.Bb5 a6 4.Ba4 Nf6 5.O-O b5 6.Bb3 Bc5 7.a4 Rb8 8.Nxe5 Nxe5
9.d4 Bxd4 10.Qxd4 d6 11.f4 Nc6 12.Qc3 Ne7 13.Qe1 Be6 14.e5 dxe5 15.Bxe6 fxe6
16.fxe5 Qd4+ 17.Kh1 Nfd5 18.axb5 axb5 19.Nc3 Nf5 20.Nxb5 Qc5 21.g4 Nfe7 22.Nc3 h5
23.Ra4 Nxc3 24.Qxc3 Qxc3 25.bxc3 hxg4 26.Rxg4 Nf5 27.Kg1 Rh4 28.Rxh4 Nxh4
29.Bg5 Nf5 30.Rd1 Rb5 31.Bf4 Rc5 32.Rd3 Rc4 33.Bg3 Ne7 34.Be1 Re4 35.Bg3 Re2
36.Bh4 Nc6 37.Rg3 Kf7 38.Rg2 Rxg2+ 39.Kxg2 Kg6 40.Bf2 Kf5 41.Kg3 Nxe5 42.Bd4 g6
43.Bxe5 Kxe5 44.Kg4 Kd5 45.h4 e5 46.Kg5 e4 47.Kf4 c5 48.Kg4 Ke5 49.Kg3 Kf5
50.c4 Ke5 51.Kg4 e3 52.Kg3 Ke4  0-1

[Event "6th Lorca Open 2017"]
[Site "Lorca ESP"]
[Date "2017.12.28"]
[Round "5.1"]
[White "Shirov,A"]
[Black "Forcen Esteban,D"]
[Result "1-0"]
[WhiteElo "2631"]
[BlackElo "2541"]

1.e4 e6 2.d4 d5 3.Nc3 Nf6 4.Bg5 Be7 5.e5 Nfd7 6.h4 h6 7.Be3 c5 8.Qg4 Kf8
9.f4 Nc6 10.Nf3 Qa5 11.Be2 a6 12.a3 b5 13.O-O b4 14.axb4 Qxb4 15.f5 cxd4
16.fxe6 dxc3 17.Qf5 Nd8 18.exd7 Bxd7 19.Qxd7 Qe4 20.Kf2 cxb2 21.Rad1 Qxc2
22.Nd4 Qe4 23.Nf5 Bxh4+ 24.g3  1-0

[Event "6th Lorca Open 2017"]
[Site "Lorca ESP"]
[Date "2017.12.29"]
[Round "6.1"]
[White "Del Rio de Angelis,S"]
[Black "Shirov,A"]
[Result "1/2-1/2"]
[WhiteElo "2520"]
[BlackElo "2631"]

1.d4 d5 2.c4 c6 3.Nf3 Nf6 4.Nc3 e6 5.Bg5 h6 6.Bh4 dxc4 7.e4 b5 8.e5 g5 9.Nxg5 hxg5
10.Bxg5 Nbd7 11.g3 Bb7 12.Bg2 Qb6 13.exf6 O-O-O 14.O-O c5 15.d5 b4 16.Rb1 Qa6
17.dxe6 Bxg2 18.e7 Bxf1 19.Kxf1 Bxe7 20.fxe7 Rdg8 21.Ne4 Rxg5 22.Nxg5 Re8
23.Qe2 Qg6 24.Ne4 Rxe7 25.Re1 Kd8 26.Qxc4 Qg4 27.Qd5 f5 28.Qa8+ Kc7 29.Qxa7+ Kc6
30.Qa8+ Kc7 31.Qa7+ Kc6 32.Qa8+ Kc7  1/2-1/2

[Event "6th Lorca Open 2017"]
[Site "Lorca ESP"]
[Date "2017.12.29"]
[Round "7.1"]
[White "Shirov,A"]
[Black "Bogner,S"]
[Result "1-0"]
[WhiteElo "2631"]
[BlackElo "2586"]

1.e4 e5 2.Nf3 Nf6 3.Nxe5 d6 4.Nf3 Nxe4 5.Nc3 Nxc3 6.dxc3 Be7 7.Be3 Nc6 8.Qd2 O-O
9.O-O-O Ne5 10.h4 c6 11.c4 Re8 12.c5 Nxf3 13.gxf3 d5 14.Bd3 b6 15.Rdg1 Bf6
16.Bh6 Kh8 17.Rxg7 Bxg7 18.Bxg7+ Kxg7 19.Rg1+ Bg4 20.Rxg4+ Kf8 21.Qh6+ Ke7
22.Bf5 Qc7 23.Rg1 Qe5 24.f4  1-0

[Event "6th Lorca Open 2017"]
[Site "Lorca ESP"]
[Date "2017.12.30"]
[Round "8.1"]
[White "Vasquez Schroeder,R"]
[Black "Shirov,A"]
[Result "1/2-1/2"]
[WhiteElo "2547"]
[BlackElo "2631"]

1.e4 e5 2.Nf3 Nc6 3.Bb5 a6 4.Ba4 Nf6 5.O-O b5 6.Bb3 Bc5 7.c3 d6 8.a4 Rb8
9.axb5 axb5 10.d4 Bb6 11.Na3 O-O 12.Nxb5 Bg4 13.Bc2 exd4 14.cxd4 d5 15.e5 Ne4
16.h3  1/2-1/2

[Event "6th Lorca Open 2017"]
[Site "Lorca ESP"]
[Date "2017.12.30"]
[Round "9.1"]
[White "Shirov,A"]
[Black "Peralta,Fe"]
[Result "1/2-1/2"]
[WhiteElo "2631"]
[BlackElo "2556"]

1.e4 c6 2.d4 d5 3.e5 Bf5 4.Nf3 e6 5.Be2 Ne7 6.O-O h6 7.b3 c5 8.c4 dxc4 9.Nc3 Nbc6
10.dxc5 Ng6 11.Be3 Qa5 12.Na4 Rd8 13.Qc1 Ngxe5 14.Nxe5 Nxe5 15.f4 Nc6 16.Qxc4  1/2-1/2

[Event "LAT President Blitz Cup"]
[Site "Riga LAT"]
[Date "2018.01.27"]
[Round "1.2"]
[White "Bryker,Oleksandr"]
[Black "Shirov,A"]
[Result "0-1"]
[WhiteElo "1969"]
[BlackElo "2641"]

1.e4 e5 2.Nf3 Nc6 3.Bc4 Nf6 4.Ng5 d5 5.exd5 Na5 6.Bb5+ c6 7.dxc6 bxc6 8.Bd3 Nd5
9.Nf3 Bd6 10.O-O Nf4 11.Nc3 Nxd3 12.cxd3 O-O 13.Re1 c5 14.Nxe5 Ba6 15.Qa4 Rb8
16.Nc4 Bc7 17.Nxa5 Bxa5 18.b3 Rb4 19.Qc6 Bb7 20.Qxc5 Rg4 21.g3 Bb6 22.Qf5 Rg5
23.Qf4 Qxd3 24.Ba3 Rf5 25.Qxf5 Qxf5 26.Bxf8 Qxf2+  0-1

[Event "LAT President Blitz Cup"]
[Site "Riga LAT"]
[Date "2018.01.27"]
[Round "3.2"]
[White "Kretainis,K"]
[Black "Shirov,A"]
[Result "0-1"]
[WhiteElo "2274"]
[BlackElo "2641"]

1.Nf3 d5 2.b3 Bg4 3.Bb2 Nd7 4.e3 Ngf6 5.c4 c6 6.Be2 e6 7.Nc3 Bd6 8.cxd5 exd5
9.d4 O-O 10.O-O Qe7 11.Qc2 Ne4 12.Nxe4 dxe4 13.Ne1 f5 14.g3 Nb6 15.Ng2 Nd5
16.Rae1 Bf3 17.Bxf3 exf3 18.Nh4 Qe4 19.Qd1 Bb4 20.Nxf3 Bxe1 21.Nxe1 g5 22.Ng2 g4
23.f3 gxf3 24.Rxf3 Rae8 25.Qf1 Rf7 26.Ba3 Re6 27.Bc1 Rg6 28.Nf4 Nxf4 29.Rxf4 Qd5
30.Qc4 b5 31.Qc2 a5 32.Bd2 b4 33.Rf1 c5 34.dxc5 Rc6 35.Rf4 Rxc5 36.Qb2 Rd7
37.Be1 Qe5 38.Qe2 Rc1 39.Rf1 Rdd1 40.Qa6 Qxe3+ 41.Kg2 Qe4+ 42.Kg1 Rxe1  0-1

[Event "LAT President Blitz Cup"]
[Site "Riga LAT"]
[Date "2018.01.27"]
[Round "4.2"]
[White "Shirov,A"]
[Black "Kveinys,A"]
[Result "0-1"]
[WhiteElo "2641"]
[BlackElo "2547"]

1.e4 c5 2.Nf3 e6 3.d4 cxd4 4.Nxd4 a6 5.c4 Nf6 6.Nc3 Qc7 7.Be2 b6 8.f4 Bb4
9.Qd3 Bb7 10.Bf3 d6 11.Bd2 Nbd7 12.Qe2 O-O 13.Nc2 Bxc3 14.Bxc3 Rfc8 15.Na3 d5
16.cxd5 exd5 17.e5 Ne4 18.Bxe4 dxe4 19.O-O b5 20.Nc2 Nc5 21.Ne3 Nd3 22.Nf5 b4
23.Qg4 g6 24.Bd4 Rd8 25.Qg5 Rxd4 26.e6 f6 27.Qxf6 gxf5 28.Qxd4 Qc5 29.Qxc5 Nxc5
30.Kf2 Rd8 31.Rfd1 Rd3 32.Rxd3 exd3 33.Ke3 Nxe6 34.g3 Be4 35.a3 b3 36.Rc1 Kf7
37.Rc4 Ke7 38.Rb4 Nc5 39.Rb6 Kd7 40.Kd2 Kc7 41.Rh6 Na4 42.Rxh7+ Kb6 43.Kc1 Kc5
44.Rd7 Nb6 45.Rd8 Nc4 46.h4 d2+ 47.Rxd2 Nxd2 48.Kxd2 Bf3 49.Kc3 Bd1 50.h5 Bxh5
51.Kxb3 Kd4 52.Kb4 Ke3 53.Ka5 Be2 54.b4 Kf3  0-1

[Event "LAT President Blitz Cup"]
[Site "Riga LAT"]
[Date "2018.01.27"]
[Round "6.4"]
[White "Shirov,A"]
[Black "Sharankov,G"]
[Result "1/2-1/2"]
[WhiteElo "2641"]
[BlackElo "2173"]

1.e4 e6 2.d4 d5 3.e5 c5 4.c3 Nc6 5.Nf3 Qb6 6.a3 c4 7.Nbd2 f6 8.b3 fxe5 9.dxe5 Bc5
10.Qe2 cxb3 11.Rb1 Na5 12.Qb5+ Bd7 13.Qxb6 axb6 14.Nxb3 Nxb3 15.Rxb3 Ne7
16.Nd4 Nc6 17.Nb5 O-O 18.f4 Na5 19.Rb1 Nc4 20.g3 Bxb5 21.Rxb5 Nxa3 22.Rb3 Nc4
23.Bh3 Kf7 24.Ke2 Ra1 25.f5 Ra2+ 26.Kd1 h6 27.Rf1 Rxh2 28.fxe6+ Ke7 29.Rxf8 Kxf8
30.Bf5 Be3 31.Ba3+ Bc5 32.Bxc5+ bxc5 33.e7+ Ke8  1/2-1/2

[Event "LAT President Blitz Cup"]
[Site "Riga LAT"]
[Date "2018.01.27"]
[Round "7.6"]
[White "Berzinsh,R"]
[Black "Shirov,A"]
[Result "1/2-1/2"]
[WhiteElo "2421"]
[BlackElo "2641"]

1.d4 d5 2.c4 c6 3.cxd5 cxd5 4.Bg5 h6 5.Bh4 Qb6 6.Nc3 e6 7.Qd2 Nc6 8.Rd1 Nge7
9.f3 g5 10.Bf2 Bg7 11.e4 Bd7 12.h4 Rc8 13.hxg5 hxg5 14.Rxh8+ Bxh8 15.Nh3 f6
16.Bd3 Na5 17.b3 Qb4 18.Ne2 Nec6 19.Be3 Bg7 20.Nf2 Kf7 21.Rc1 Bf8 22.Bb1 Qxd2+
23.Bxd2 Ba3 24.Rc2 Rh8 25.Nc1 Nxd4 26.Rc7 Ke7 27.Bxa5 Nb5 28.Rc2 Nd4 29.Rd2 Nc6
30.Bc3 Bxc1 31.Rd1 d4 32.Rxc1 dxc3 33.Rxc3 e5 34.Bd3 Kd6 35.Bb5 a6 36.Bxc6 Bxc6
37.Ke2 Rh2 38.Kf1 Bb5+ 39.Kg1 Rh8 40.Ng4 Ke6 41.Rc7 Bc6 42.Kf2  1/2-1/2

[Event "LAT President Blitz Cup"]
[Site "Riga LAT"]
[Date "2018.01.27"]
[Round "9.5"]
[White "Carlstedt,J"]
[Black "Shirov,A"]
[Result "0-1"]
[WhiteElo "2423"]
[BlackElo "2641"]

1.c4 c6 2.Nf3 d5 3.g3 g6 4.Qa4 d4 5.Bg2 Bg7 6.O-O Nf6 7.d3 O-O 8.b4 Nbd7
9.Bb2 e5 10.Nbd2 a5 11.a3 Qc7 12.c5 b5 13.cxb6 Nxb6 14.Qc2 Nfd5 15.bxa5 Rxa5
16.Rfc1 Na4 17.Nc4 Ra6 18.Nfd2 Be6 19.Ne4 h6 20.Rab1 f5 21.Ned6 Rd8 22.Ba1 Rxd6
23.Nxd6 Qxd6 24.Rb7 Ndc3 25.e3 Nc5 26.Rb4 Rxa3 27.exd4 exd4 28.Qb2 Ra2 29.Rb8+ Kh7  0-1

[Event "LAT President Blitz Cup"]
[Site "Riga LAT"]
[Date "2018.01.27"]
[Round "10.2"]
[White "Shirov,A"]
[Black "Sveshnikov,V"]
[Result "1-0"]
[WhiteElo "2641"]
[BlackElo "2367"]

1.e4 Nf6 2.e5 Nd5 3.d4 d6 4.c4 Nb6 5.exd6 exd6 6.Bd3 Nc6 7.Ne2 g6 8.Nbc3 Bg7
9.Be3 O-O 10.a3 d5 11.c5 Nc4 12.Bxc4 dxc4 13.O-O Bf5 14.Re1 Re8 15.b3 Bd3
16.bxc4 Bxc4 17.Qa4 Bxe2 18.Nxe2 Qh4 19.Rab1 Rad8 20.Rxb7 Nxd4 21.Nxd4 Qxd4
22.Qxd4 Bxd4 23.Rxc7 a5 24.c6 Rd6 25.Rd7 Bc3 26.Rxd6 Bxe1 27.c7  1-0

[Event "TCh-FIN 2017-18"]
[Site "Finland FIN"]
[Date "2018.03.09"]
[Round "9.1"]
[White "Rakhmanov,Ale"]
[Black "Shirov,A"]
[Result "1/2-1/2"]
[WhiteElo "2669"]
[BlackElo "2630"]

1.Nf3 d5 2.g3 g6 3.Bg2 Bg7 4.d4 Nf6 5.O-O O-O 6.c4 c6 7.Nbd2 Ne4 8.b3 Bf5
9.Bb2 Qa5 10.Qc1 Nd7 11.Rd1 Nxd2 12.Nxd2 Rac8 13.Bc3 Qa6 14.Qb2 b5 15.c5 b4
16.Bxb4 Qxe2 17.Re1 Qb5 18.Bc3 e5 19.b4 Rb8 20.a3 a5 21.Nb3 a4 22.Na5 Qxa5
23.bxa5 Rxb2 24.Bxb2 exd4 25.Rad1 d3 26.Bxg7 Kxg7 27.g4 Bxg4 28.Rxd3 Ra8
29.Bh3 Bxh3 30.Rxh3 Nxc5 31.Rc3 Rxa5 32.Re7 Kf6 33.Rc7 d4 34.Rxc6+ Ne6 35.Rf3+ Kg7
36.Rd6 Ra7 37.h4 h6 38.Kh2 g5 39.h5 Rc7 40.Rf5 Rb7 41.Rf3 Rc7 42.Rf5  1/2-1/2

[Event "TCh-FIN 2017-18"]
[Site "Finland FIN"]
[Date "2018.03.10"]
[Round "10.1"]
[White "Shirov,A"]
[Black "Ebeling,D"]
[Result "0-1"]
[WhiteElo "2630"]
[BlackElo "2462"]

1.e4 e5 2.Nf3 Nf6 3.d4 Nxe4 4.Bd3 d5 5.dxe5 Be7 6.Nc3 Nxc3 7.bxc3 c5 8.O-O Nc6
9.Bf4 Be6 10.Rb1 Qd7 11.Ng5 Bxg5 12.Bxg5 Nxe5 13.f4 Nxd3 14.Qxd3 c4 15.Qd4 O-O
16.a4 f6 17.Bh4 Bf5 18.Rb5 Be4 19.Rfb1 b6 20.a5 bxa5 21.h3 Qc7 22.Bg3 Rab8
23.Kh2 Rxb5 24.Rxb5 a4 25.Rb4 Bxc2 26.Qxd5+ Qf7 27.Qc6 h5 28.Rb7 Qg6 29.Rxa7 Kh7
30.Qxc4 Re8 31.Ra5 Re3 32.Bh4 Be4 33.Qf1 Bc6 34.f5 Qe8 35.Ra7 Qb8+  0-1

[Event "TCh-FIN 2017-18"]
[Site "Finland FIN"]
[Date "2018.03.11"]
[Round "11.1"]
[White "Shirov,A"]
[Black "Sepp,O"]
[Result "1/2-1/2"]
[WhiteElo "2630"]
[BlackElo "2434"]

1.e4 e5 2.Nf3 Nc6 3.Bb5 Nf6 4.O-O Nxe4 5.d4 Nd6 6.Bxc6 dxc6 7.dxe5 Nf5 8.Qxd8+ Kxd8
9.Nc3 Ne7 10.h3 Ng6 11.Bg5+ Ke8 12.Rad1 Bd7 13.Nd4 h6 14.Be3 Bb4 15.Ne4 Nxe5
16.Bf4 f6 17.Bxe5 fxe5 18.Nf3 Bf5 19.Nxe5 Bxe4 20.Rd4 Bxg2 21.Kxg2 Bd6 22.Re1 c5
23.Rd3 Rg8 24.Rf3 b6 25.Ng6+ Kd7 26.Rf7+ Kc6 27.Ne7+ Bxe7 28.Rexe7 Rac8 29.Rxg7 Rxg7+
30.Rxg7 Rd8 31.Rg6+ Rd6 32.Rxd6+ cxd6 33.Kf3 Kd5 34.Kg4 Ke6 35.c4 d5 36.cxd5+ Kxd5
37.Kf5 b5 38.f4 c4 39.Kg6 b4 40.f5 c3 41.bxc3 bxc3 42.f6 c2 43.f7 c1=Q 44.f8=Q Qg5+
45.Kh7 h5 46.Qf7+ Ke5 47.Qxa7 Qf5+ 48.Kh6 Qxh3 49.Qc5+ Ke4 50.a4 Qe6+ 51.Kxh5  1/2-1/2

[Event "TCh-CZE Extraliga 2017-18"]
[Site "Czech Republic CZE"]
[Date "2018.04.07"]
[Round "10.4"]
[White "Shirov,A"]
[Black "Krejci,Jan2"]
[Result "1/2-1/2"]
[WhiteElo "2640"]
[BlackElo "2566"]

1.e4 e5 2.Nf3 Nf6 3.Nxe5 d6 4.Nf3 Nxe4 5.Nc3 Nxc3 6.dxc3 Be7 7.Be3 O-O 8.Qd2 Nd7
9.h4 Ne5 10.O-O-O Bf5 11.h5 h6 12.Nxe5 dxe5 13.Qe2 Qc8 14.Qb5 Bf6 15.Bd3 e4
16.Be2 c6 17.Qb4 Re8 18.a4 b6 19.Rd2 Bg4 20.Bc4 Be7 21.Qb3 Qf5 22.Ba6 Rad8
23.Rxd8 Rxd8 24.Kb1 Bc5 25.Qc4 Bxe3 26.fxe3 c5 27.Bb7 Bxh5 28.Qa6 Bd1 29.Qxa7 Qd7
30.Qa6 f5 31.Qxb6 Kh7 32.a5 Bxc2+ 33.Kxc2 Qa4+ 34.Kb1 Rd1+  1/2-1/2

[Event "Lasker 150 Blitz Swiss"]
[Site "Berlin GER"]
[Date "2018.04.28"]
[Round "6.1"]
[White "Rabiega,R"]
[Black "Shirov,A"]
[Result "0-1"]
[WhiteElo "2514"]
[BlackElo "2644"]

1.e4 e5 2.Nf3 Nc6 3.Bc4 Bc5 4.c3 Nf6 5.d3 O-O 6.O-O d5 7.exd5 Nxd5 8.Nbd2 Bb6
9.Re1 Re8 10.Ne4 f6 11.d4 Na5 12.Bxd5+ Qxd5 13.dxe5 Qxd1 14.Rxd1 Bg4 15.Bf4 Nc4
16.b3 Nxe5 17.Bxe5 Bxf3 18.gxf3  0-1